[Event "British Chess Championships 2023: AM Tournament Open"]
[Site "De Montfort University, 20 Western Boulevard, Leicester, LE2 7BU"]
[Date "2023.07.24"]
[Round "1"]
[Board "1"]
[White "Kothari, Jai"]
[Black "Verma, Aditya"]
[Result "1/2-1/2"]
[WhiteElo "2027"]
[BlackElo "2247"]
[PlyCount "0"]
[EventDate "2023.07.24"]
[EventRounds "6"]
[EventCountry "ENG"]

1. e4 c5 2. Nf3 d6 3. Bb5+ Nd7 4. d4 cxd4 5. Qxd4 a6 6. Bxd7+ Bxd7 7. O-O Nf6 8.
Nc3 Bc6 9. Re1 e6 10. e5 dxe5 11. Qxd8+ Rxd8 12. Nxe5 Bb4 13. Nxc6 bxc6 14. Bg5 Bxc3
15. bxc3 Rd5 16. Bxf6 gxf6 17. Rab1 O-O 18. Rb6 Ra5 19. Ra1 Rd8 20. g3 c5 21. a4
Kg7 22. Kf1 f5 23. Ke2 Kf6 24. Ke3 h5 25. f4 h4 26. Rc6 hxg3 27. hxg3 Rg8 28. Kf3
Rh8 29. Rc7 Rh2 30. Ra2 Kg7 31. Rb2 Kg6 32. Ra2 Kf6 33. Ke3 Rh8 34. Ra1 Rg8 35. Kf3
Rb8 36. Ke3 Rb2 37. Kd2 Kg6 38. Rc8 Rb7 39. Ke3 Rd7 40. Ke2 Kf6 41. Rc6 Ke7 42. Ke3
Rb7 43. Rc8 Rd7 44. Ra3 f6 45. Ra1 e5 46. Rh8  1/2-1/2

[Event "British Chess Championships 2023: AM Tournament Open"]
[Site "De Montfort University, 20 Western Boulevard, Leicester, LE2 7BU"]
[Date "2023.07.24"]
[Round "1"]
[Board "2"]
[White "Sedykh, Mikhail"]
[Black "Brown, Tom"]
[Result "1/2-1/2"]
[WhiteElo "2222"]
[BlackElo "2017"]
[PlyCount "0"]
[EventDate "2023.07.24"]
[EventRounds "6"]
[EventCountry "ENG"]

1. d4 d5 2. c4 dxc4 3. e3 Nf6 4. Bxc4 e6 5. Nf3 a6 6. O-O c5 7. Nbd2 Nc6 8. dxc5
Bxc5 9. a3 O-O 10. b4 Be7 11. Bb2 b5 12. Be2 Bb7 13. Rc1 Rc8 14. Nb3 Nb8 15. Nfd4
Qb6 16. Rxc8 Rxc8 17. Qa1 Nbd7 18. Na5 Bd5 19. Rc1 Rc7 20. Bf3 Bxf3 21. Nxf3 Ne8
22. Ne5 Nxe5 23. Bxe5 Bd6 24. Rd1 Rd7 25. Bd4 Qb8 26. h3 h6 27. Qc3 Qc7 28. Qb2 Qb8
29. Rd2 Qd8 30. Kf1 Bc7 31. Nc6 Qa8 32. Ne5  1/2-1/2

[Event "British Chess Championships 2023: AM Tournament Open"]
[Site "De Montfort University, 20 Western Boulevard, Leicester, LE2 7BU"]
[Date "2023.07.24"]
[Round "1"]
[Board "3"]
[White "Graham, Cassie M"]
[Black "Raju, Sooraj Menothuparambil"]
[Result "1/2-1/2"]
[WhiteElo "2008"]
[BlackElo "2207"]
[PlyCount "0"]
[EventDate "2023.07.24"]
[EventRounds "6"]
[EventCountry "ENG"]

1. e4 Nf6 2. e5 Nd5 3. Nc3 e6 4. Nxd5 exd5 5. d4 d6 6. Nf3 Nc6 7. Bf4 Bg4 8. Bb5
dxe5 9. Bxe5 f6 10. Bf4 Qe7+ 11. Qe2 O-O-O 12. O-O-O Qxe2 13. Bxe2 g5 14. Be3 Bd6
15. c3 Rde8 16. h3 Bd7 17. Bd3 Ne7 18. Ne1 Ng6 19. Nc2 Nf4 20. Bf1 h5 21. Nb4 c6
22. Nd3 Ne6 23. h4 g4 24. g3 f5 25. Ne5 Bxe5 26. dxe5 b6 27. c4 d4 28. Bxd4 Nxd4
29. Rxd4 Rxe5 30. Bg2 Re2 31. Rd2 Rxd2 32. Kxd2 Kc7 33. Re1 Kd6 34. Kc3 Rf8 35. Rd1+
Kc7 36. Rd4 c5 37. Rf4 Kd6 38. Be4 Ke5 39. b3 Rf6 40. Bc2 Rd6 41. a3 Bc8 42. Bd3
Rd8 43. Bc2 Kf6 44. Bd3 Re8 45. Kd2 Re5 46. Bc2 Bb7 47. Bd3 Bf3 48. Kc3 Bd1 49. Bb1
a5 50. a4 Bf3 51. Bd3 Bc6 52. Bc2 Bd7 53. Kd2 Re7 54. Bd3 Be6 55. Bc2 Rd7+ 56. Ke3
Re7 57. Kd2 Bc8 58. Bd3 Re8 59. Bc2 Rd8+ 60. Ke3 Re8+  1/2-1/2

[Event "British Chess Championships 2023: AM Tournament Open"]
[Site "De Montfort University, 20 Western Boulevard, Leicester, LE2 7BU"]
[Date "2023.07.24"]
[Round "1"]
[Board "4"]
[White "Badacsonyi, Stanley"]
[Black "Gordon, Sean"]
[Result "1/2-1/2"]
[WhiteElo "2190"]
[BlackElo "1999"]
[PlyCount "0"]
[EventDate "2023.07.24"]
[EventRounds "6"]
[EventCountry "ENG"]

1. d4 d5 2. Nc3 Nf6 3. Bg5 e6 4. e4 dxe4 5. Nxe4 Be7 6. Bxf6 Bxf6 7. Nf3 b6 8. Bd3
Bb7 9. c3 Nd7 10. Qe2 Be7 11. O-O-O Nf6 12. Neg5 Bxf3 13. Qxf3 Qd5 14. Qxd5 Nxd5
15. Bb5+ Kf8 16. Nf3 Bd6 17. Rhe1 g6 18. g3 Kg7 19. Ne5 a6 20. Bc6 Rad8 21. f4 Nf6
22. Bf3 h5 23. h4 Bxe5 24. dxe5 Ng4 25. Bxg4 hxg4 26. Kc2 Rhe8 27. Re4 Kf8 28. Red4
Ke7 29. Rxd8 Rxd8 30. Rxd8 Kxd8 31. Kd3 Kd7 32. Kd4 c5+ 33. Ke4 Kc6 34. a4 b5 35.
a5 c4 36. Kd4 Kd7 37. Kc5 Kc7 38. Kd4 Kc6  1/2-1/2

[Event "British Chess Championships 2023: AM Tournament Open"]
[Site "De Montfort University, 20 Western Boulevard, Leicester, LE2 7BU"]
[Date "2023.07.24"]
[Round "1"]
[Board "5"]
[White "Davis, Timothy J"]
[Black "Verma, Shlok"]
[Result "0-1"]
[WhiteElo "1989"]
[BlackElo "2177"]
[PlyCount "0"]
[EventDate "2023.07.24"]
[EventRounds "6"]
[EventCountry "ENG"]

1. d4 d5 2. Nf3 Nf6 3. c4 dxc4 4. e3 e6 5. Bxc4 a6 6. O-O b5 7. Be2 Bb7 8. a4 b4
9. Nbd2 Nbd7 10. Nc4 c5 11. b3 Be7 12. Bb2 O-O 13. Nfe5 Qc7 14. Rc1 Rfd8 15. Bf3
Rac8 16. Bxb7 Qxb7 17. Qf3 Qxf3 18. Nxf3 cxd4 19. exd4 Nd5 20. g3 N7f6 21. Rfe1 Nc3
22. Bxc3 bxc3 23. Red1 Nd5 24. Ne3 Nb4 25. Nc2 Nc6 26. Rd3 Nb4 27. Nxb4 Bxb4 28.
Ne5 Rd5 29. f4 f6 30. Nc4 Rcd8 31. Ne3 R5d7 32. Kf1 a5 33. Rcd1 Kf7 34. Ke2 h5 35.
Nc2 Ke7 36. Nxb4 axb4 37. Ke3 Rd5 38. Ke4 Kd6 39. h4 Kc6 40. Rg1 e5 41. Rgd1 Rxd4+
42. Rxd4 Rxd4+ 43. Rxd4 exd4 44. Kd3 Kc5 45. f5 Kd5 46. Kc2 Ke4 47. Kc1 d3 48. Kd1
Ke3  0-1

[Event "British Chess Championships 2023: AM Tournament Open"]
[Site "De Montfort University, 20 Western Boulevard, Leicester, LE2 7BU"]
[Date "2023.07.24"]
[Round "1"]
[Board "6"]
[White "Surtees, Mike J"]
[Black "Jukes, Sam"]
[Result "1-0"]
[WhiteElo "2165"]
[BlackElo "1977"]
[PlyCount "0"]
[EventDate "2023.07.24"]
[EventRounds "6"]
[EventCountry "ENG"]

1. c3 Nf6 2. f4 d5 3. Nf3 Bg4 4. Ne5 Bf5 5. d3 e6 6. Nd2 Bd6 7. Qa4+ Nfd7 8. e4 Bxe5
9. fxe5 dxe4 10. dxe4 Bg4 11. Nc4 O-O 12. Bf4 Nc5 13. Qc2 f5 14. Be3 Nxe4 15. Bd3
Qh4+ 16. g3 Nxg3 17. Bf2 f4 18. Be4 Bf5 19. Bxf5 Rxf5 20. O-O-O Rh5 21. hxg3 Qxh1
22. Rxh1 Rxh1+ 23. Kd2 Rh2 24. Qe4 Rxf2+ 25. Ke1 fxg3 26. Qxb7 Rc2 27. Ne3 g2 28.
Nxg2 Rxg2 29. Qxg2 c6 30. Qh3 Kf7 31. Qh5+ Ke7 32. Qxh7 Nd7 33. Qxg7+ Ke8 34. Ke2
Rb8 35. Qh8+ Ke7 36. Qg7+ Ke8 37. b4 Rb5 38. Qh8+ Ke7 39. Qa8 Rxe5+ 40. Kd2 Kd6 41.
Qxa7 Rd5+ 42. Kc2 Rf5 43. a4 e5 44. a5 c5 45. a6 Rf2+ 46. Kd3 Rf3+ 47. Kd2 e4 48.
Qb7 cxb4 49. cxb4 e3+ 50. Ke2 Rf2+ 51. Kxe3 Ra2 52. a7 Ra3+ 53. Kd4  1-0

[Event "British Chess Championships 2023: AM Tournament Open"]
[Site "De Montfort University, 20 Western Boulevard, Leicester, LE2 7BU"]
[Date "2023.07.24"]
[Round "1"]
[Board "7"]
[White "Freeman, Ashley"]
[Black "Phan, Stefanus"]
[Result "0-1"]
[WhiteElo "1971"]
[BlackElo "2158"]
[PlyCount "0"]
[EventDate "2023.07.24"]
[EventRounds "6"]
[EventCountry "ENG"]

1. e4 c6 2. d4 d5 3. exd5 cxd5 4. c4 Nf6 5. Nc3 Nc6 6. Bg5 dxc4 7. d5 Ne5 8. Qd4
h6 9. Bf4 Ng6 10. Bxc4 Nxf4 11. Qxf4 g5 12. Qe3 Bg7 13. Nf3 O-O 14. O-O a6 15. a4
Qd6 16. Rfe1 Re8 17. Rad1 Bf5 18. Ba2 Rac8 19. h4 gxh4 20. Ne5 Ng4 21. Nxg4 Bxg4
22. Ne4 Qe5 23. Rd2 Red8 24. f3 Bd7 25. f4 Qf5 26. d6 e6 27. Bb1 Qa5 28. Qd3 Bc6
29. Nc3 Kf8 30. Red1 Bxc3 31. bxc3 Bxa4 32. Rc1 Qc5+ 33. Kh2 Ke8 34. Qe4 Bb5 35.
c4 Bxc4 36. Qxb7 Rd7 37. Qe4 f5 38. Qe5 Qxe5 39. fxe5 Rb8 40. Bxf5 exf5 41. Rxc4
Kf7 42. Rxh4 Ke6 43. Re2 Rh8 44. Ra4 Ra8 45. Ra5 Rb7 46. Kg3 Rb5 47. Rxb5 axb5 48.
Rb2 Ra5 49. Kf4 Ra4+ 50. Kf3 b4 51. Rd2 Ra7 52. Kf4 b3 53. Rb2 Ra4+ 54. Kf3 Rb4 55.
g3 h5 56. Kg2 Rb7 57. Kf3 Rb8 58. Kf4 Rb4+ 59. Kf3 h4 60. gxh4 Rxh4 61. Kg3 Rb4 62.
Kf3 Rb7 63. Kf4 Rb8 64. d7 Rb4+ 65. Kg5 Rg4+ 66. Kh5 Kxd7 67. Rxb3 Ke6 68. Rb5 Rg1
69. Kh4 f4 70. Kh3 Rg3+ 71. Kh2 Rg8 72. Ra5 Kf5 73. Kh1 f3 74. e6+ Kf4 75. Ra2 Kg3
76. Kg1 Rb8 77. Rf2 Rb1+ 78. Rf1 f2+  0-1

[Event "British Chess Championships 2023: AM Tournament Open"]
[Site "De Montfort University, 20 Western Boulevard, Leicester, LE2 7BU"]
[Date "2023.07.24"]
[Round "1"]
[Board "8"]
[White "Gilmore, Simon N"]
[Black "Santhosh, Abhyuday"]
[Result "1-0"]
[WhiteElo "2121"]
[BlackElo "1797"]
[PlyCount "0"]
[EventDate "2023.07.24"]
[EventRounds "6"]
[EventCountry "ENG"]

1. e4 c5 2. c4 Nc6 3. Ne2 Nf6 4. Nbc3 e6 5. d4 cxd4 6. Nxd4 Bb4 7. Nxc6 bxc6 8. Qc2
d5 9. exd5 exd5 10. cxd5 O-O 11. Be2 Bxc3+ 12. bxc3 Nxd5 13. O-O Qf6 14. Bf3 Bf5
15. Qd2 Rad8 16. Qd4 Qe7 17. a4 c5 18. Qd2 Nb6 19. Qg5 Qxg5 20. Bxg5 Rd3 21. Rfc1
Re8 22. Be3 Nd5 23. Bxc5 Nxc3 24. Bxa7 Rc8 25. Be3 g5 26. Kf1 g4 27. Bb7 Rcd8 28.
a5 Be6 29. Ke1 Nd5 30. a6 Nxe3 31. fxe3 Bd5 32. Rd1 Bxb7 33. Rxd3  1-0

[Event "British Chess Championships 2023: AM Tournament Open"]
[Site "De Montfort University, 20 Western Boulevard, Leicester, LE2 7BU"]
[Date "2023.07.24"]
[Round "1"]
[Board "9"]
[White "Rubeck, Jonathan"]
[Black "Orgler, Philipp"]
[Result "1-0"]
[WhiteElo "1949"]
[BlackElo "2110"]
[PlyCount "0"]
[EventDate "2023.07.24"]
[EventRounds "6"]
[EventCountry "ENG"]

1. e4 c5 2. Nc3 e6 3. f4 a6 4. Nf3 b5 5. d3 Nf6 6. g3 d5 7. Bg2 b4 8. e5 Nfd7 9.
Ne2 Nc6 10. O-O Be7 11. h3 O-O 12. g4 f6 13. exf6 Bxf6 14. Ng3 Bh4 15. Nxh4 Qxh4
16. Nf5 exf5 17. Bxd5+ Kh8 18. Bxc6 Qg3+ 19. Bg2 Bb7 20. Rf3 Qh4 21. Rf2 Bxg2 22.
Kxg2 fxg4 23. Qxg4 Qe7 24. Bd2 Nf6 25. Qf3 Qf7 26. Re2 Rae8 27. Rxe8 Rxe8 28. b3
Nd5 29. Rf1 h6 30. Kh2 Qf5 31. Rf2 Rf8 32. Qe4 Qh5 33. f5 Nf6 34. Qf3 Qh4 35. Be3
Re8 36. Rg2 Re5 37. Qb7 Nh5 38. Qb8+  1-0

[Event "British Chess Championships 2023: AM Tournament Open"]
[Site "De Montfort University, 20 Western Boulevard, Leicester, LE2 7BU"]
[Date "2023.07.24"]
[Round "1"]
[Board "10"]
[White "James, Russell A"]
[Black "Sheikh, Anum"]
[Result "1/2-1/2"]
[WhiteElo "2096"]
[BlackElo "1940"]
[PlyCount "0"]
[EventDate "2023.07.24"]
[EventRounds "6"]
[EventCountry "ENG"]

1. e4 Nf6 2. d3 e5 3. Nf3 Nc6 4. Nbd2 d5 5. Be2 Be7 6. O-O O-O 7. c3 Re8 8. b4 a6
9. a3 Bf8 10. Re1 b5 11. Qc2 Bb7 12. Nf1 Nb8 13. Ng3 Nbd7 14. Bf1 c5 15. exd5 Nxd5
16. Ne4 Rc8 17. Qb3 cxb4 18. cxb4 N7b6 19. Bb2 f6 20. g3 Kh8 21. Bg2 Na4 22. d4 Ndb6
23. Nc5 Bd5 24. Qc2 Nc4 25. Nxa4 Ne3 26. Qxc8 Qxc8 27. Rxe3 bxa4 28. dxe5 fxe5 29.
Nxe5  1/2-1/2

[Event "British Chess Championships 2023: AM Tournament Open"]
[Site "De Montfort University, 20 Western Boulevard, Leicester, LE2 7BU"]
[Date "2023.07.24"]
[Round "1"]
[Board "11"]
[White "Bedi, Adam"]
[Black "Pilley, Jack"]
[Result "0-1"]
[WhiteElo "1926"]
[BlackElo "2094"]
[PlyCount "0"]
[EventDate "2023.07.24"]
[EventRounds "6"]
[EventCountry "ENG"]

1. e4 c6 2. d4 d5 3. Nc3 dxe4 4. Nxe4 Nf6 5. Nxf6+ exf6 6. c3 Bd6 7. Bd3 O-O 8. Qc2
Re8+ 9. Ne2 h5 10. O-O h4 11. h3 Nd7 12. Bd2 Nf8 13. Rfe1 Be6 14. Nf4 Qc7 15. Nxe6
Nxe6 16. Re4 g5 17. Rae1 Qd7 18. Bc4 b5 19. Bb3 Kg7 20. Qd3 Nc5 21. dxc5 Bh2+ 22.
Kxh2 Qxd3 23. Rxe8 Rxe8 24. Rxe8 Qxd2 25. Re7 Qxb2 26. Rxa7 Qxc3 27. Rxf7+ Kg6 28.
Rd7 Qxc5 29. f3 Qe5+ 30. Kh1 c5 31. Bf7+ Kh6 32. Rd5 Qe7 33. Bg8 Kg7  0-1

[Event "British Chess Championships 2023: AM Tournament Open"]
[Site "De Montfort University, 20 Western Boulevard, Leicester, LE2 7BU"]
[Date "2023.07.24"]
[Round "1"]
[Board "12"]
[White "Bansal, Saahil"]
[Black "Ramage, Colin R"]
[Result "0-1"]
[WhiteElo "2065"]
[BlackElo "1920"]
[PlyCount "0"]
[EventDate "2023.07.24"]
[EventRounds "6"]
[EventCountry "ENG"]

1. d4 d5 2. c4 e6 3. Nc3 c5 4. cxd5 cxd4 5. Qa4+ Bd7 6. Qxd4 exd5 7. Qxd5 Nc6 8.
Nf3 Nf6 9. Qb3 Bc5 10. a3 O-O 11. Bf4 Re8 12. e3 Nh5 13. Bg3 Nxg3 14. hxg3 Nd4 15.
Nxd4 Bxd4 16. Rd1 Bg4 17. Rd2 Bxc3 18. bxc3 Qc7 19. Bd3 g6 20. Qb4 Be6 21. Bb5 Red8
22. Rxd8+ Rxd8 23. O-O a6 24. Be2 Rd2 25. Bf3 Bc4 26. Rd1 Rxd1+ 27. Bxd1 b5 28. Bb3
a5  0-1

[Event "British Chess Championships 2023: AM Tournament Open"]
[Site "De Montfort University, 20 Western Boulevard, Leicester, LE2 7BU"]
[Date "2023.07.24"]
[Round "1"]
[Board "13"]
[White "Staniland, Philip"]
[Black "Banerjee, Supratit"]
[Result "0-1"]
[WhiteElo "1908"]
[BlackElo "2059"]
[PlyCount "0"]
[EventDate "2023.07.24"]
[EventRounds "6"]
[EventCountry "ENG"]

1. d4 d5 2. Nc3 e6 3. Bf4 Nf6 4. e3 Be7 5. Nf3 O-O 6. h4 c5 7. Nb5 Na6 8. c3 Bd7
9. a4 Ne4 10. Qc2 f6 11. Bd3 Bc6 12. Nd2 f5 13. Nf3 cxd4 14. Nbxd4 Nac5 15. Bb5 Bxb5
16. axb5 Qb6 17. Ne5 Nf6 18. Qe2 Bd6 19. Ndf3 Rac8 20. h5 Bxe5 21. Bxe5 Ng4 22. Bd4
Qc7 23. Ng5 Qe7 24. Nf3 Ne4 25. Rf1 Qd6 26. Bxa7 e5 27. Nh4 Qf6 28. g3 b6 29. Ra6
d4 30. Bxb6 dxc3 31. bxc3 Nxc3 32. Qb2 Qf7 33. Ba5 Na4 34. Qd2 Qb3 35. Rc6 Qb1+ 36.
Qd1 Qxb5 37. Rxc8 Qxa5+ 38. Ke2 Qa6+ 39. Ke1 Qa5+ 40. Ke2 Qb5+ 41. Kf3 Rxc8 42. Kg2
Nc3 43. Qd6 Qb7+ 44. Kh3 Qf7 45. Qa6 Rf8 46. Qd3 Ne4 47. Kg2 Qb7 48. Kg1 Ng5 49.
f3 Nh3+ 50. Kh1 Nhf2+ 51. Rxf2 Nxf2+  0-1

[Event "British Chess Championships 2023: AM Tournament Open"]
[Site "De Montfort University, 20 Western Boulevard, Leicester, LE2 7BU"]
[Date "2023.07.24"]
[Round "1"]
[Board "14"]
[White "Rathbone-Jones, Ifan"]
[Black "Mize, Dylan"]
[Result "1-0"]
[WhiteElo "2051"]
[BlackElo "1894"]
[PlyCount "0"]
[EventDate "2023.07.24"]
[EventRounds "6"]
[EventCountry "ENG"]

1. Nf3 Nf6 2. d4 e6 3. Bf4 d5 4. e3 Bd6 5. Ne5 O-O 6. Bd3 c5 7. c3 Qc7 8. Nd2 Nc6
9. Nxc6 Bxf4 10. exf4 bxc6 11. dxc5 Qxf4 12. Qf3 Qxf3 13. Nxf3 e5 14. Nxe5 Re8 15.
f4 Ng4 16. Kd2 Nxe5 17. fxe5 Rxe5 18. a4 Bd7 19. b4 Rb8 20. b5 g6 21. Rhb1 Ree8 22.
Rb4 Rec8 23. b6 axb6 24. cxb6 c5 25. Rb2 c4 26. a5 Rc6 27. a6 Rcxb6 28. Rxb6 Rxb6
29. a7 Bc6 30. a8=Q+ Bxa8 31. Rxa8+ Kg7 32. Be2 Re6 33. Rd8 Re5 34. Bf3  1-0

[Event "British Chess Championships 2023: AM Tournament Open"]
[Site "De Montfort University, 20 Western Boulevard, Leicester, LE2 7BU"]
[Date "2023.07.24"]
[Round "1"]
[Board "15"]
[White "Verbytski, Oleg"]
[Black "Hodge, Steve R"]
[Result "1-0"]
[WhiteElo "1886"]
[BlackElo "2035"]
[PlyCount "0"]
[EventDate "2023.07.24"]
[EventRounds "6"]
[EventCountry "ENG"]

1. e4 c5 2. Nf3 Nc6 3. d4 cxd4 4. Nxd4 Nf6 5. Nc3 e5 6. Ndb5 d6 7. Bg5 a6 8. Na3
b5 9. Nd5 Be7 10. Bxf6 Bxf6 11. c3 O-O 12. Nc2 Bg5 13. h4 Bh6 14. a4 bxa4 15. Rxa4
a5 16. b4 Ne7 17. Bc4 Nxd5 18. Bxd5 Ra7 19. b5 Qc7 20. c4 Be6 21. O-O g6 22. Qd3
Qc5 23. Rfa1 Bxd5 24. Qxd5 Qxd5 25. exd5 Rc7 26. Rd1 Rfc8 27. Na3 Ra8 28. Kf1 Bf8
29. Ke2 Be7 30. g3 Bd8 31. Nc2 Rca7 32. Rda1 Bb6 33. f3 f5 34. Ne3 Rc8 35. g4 fxg4
36. Nxg4 Kg7 37. Nf2 Rf7 38. Ne4 Rf4 39. Nxd6 Rcf8 40. Ne4 Rxf3 41. c5 Bd8 42. b6
Rh3 43. b7 Rh2+ 44. Kd3 Bc7 45. Ng5 e4+ 46. Rxe4  1-0

[Event "British Chess Championships 2023: AM Tournament Open"]
[Site "De Montfort University, 20 Western Boulevard, Leicester, LE2 7BU"]
[Date "2023.07.24"]
[Round "1"]
[Board "17"]
[White "Lee, Alexandre Km"]
[Black "Dicen, Elis Denele"]
[Result "0-1"]
[WhiteElo "1693"]
[BlackElo "2030"]
[PlyCount "0"]
[EventDate "2023.07.24"]
[EventRounds "6"]
[EventCountry "ENG"]

1. e4 c6 2. d4 d5 3. e5 Bf5 4. h4 h5 5. c4 e6 6. Nc3 Ne7 7. Nge2 Nd7 8. Ng3 Bg6 9.
Be3 Qb6 10. Qd2 Nf5 11. cxd5 cxd5 12. Nxf5 Bxf5 13. Bd3 Bxd3 14. Qxd3 Be7 15. g3
Rc8 16. Rb1 a6 17. O-O Qd8 18. f4 g6 19. f5 gxf5 20. Nxd5 Bxh4 21. gxh4 Qxh4 22.
Nf4 Rg8+ 23. Ng2 Qh3 24. Qd2 Rxg2+ 25. Qxg2 Qxe3+ 26. Kh1 Qxd4 27. Rbc1 Rxc1 28.
Rxc1 Qh4+ 29. Kg1 Qg4 30. Kh1 Qe4 31. Qxe4 fxe4 32. Rc4 Nxe5 33. Rxe4 f6 34. Rb4
b5 35. a4 Nc6 36. Rh4 Ke7 37. Rxh5 bxa4 38. Rh4 a5 39. Rxa4 Kd6 40. Kg2 f5 41. Kf3
e5 42. Ke3 Kd5 43. Ke2 Kc5 44. Ke3 Kb5 45. Rh4 Kc5 46. Ra4 Kd5 47. Ke2 e4 48. Ra1
f4 49. Rd1+ Nd4+ 50. Ke1 e3 51. Rc1 f3 52. Rc8 Ke4 53. Re8+ Kd3 54. Rd8 a4 55. Rd7
Kc4 56. Rc7+ Kb3 57. Rb7+ Ka2 58. Ra7 Kxb2 59. Rb7+ Kc3 60. Rc7+ Kd3  0-1

[Event "British Chess Championships 2023: AM Tournament Open"]
[Site "De Montfort University, 20 Western Boulevard, Leicester, LE2 7BU"]
[Date "2023.07.24"]
[Round "1"]
[Board "18"]
[White "Subramanian, Anusha"]
[Black "Orgler, Lukas H"]
[Result "1-0"]
[WhiteElo "2029"]
[BlackElo "1594"]
[PlyCount "0"]
[EventDate "2023.07.24"]
[EventRounds "6"]
[EventCountry "ENG"]

1. Nf3 e6 2. c4 Nf6 3. g3 d5 4. Bg2 Be7 5. O-O O-O 6. b3 c5 7. cxd5 exd5 8. d4 b6
9. Bb2 Bb7 10. Nc3 Nbd7 11. e3 Re8 12. Rc1 Rc8 13. Ne5 Bf8 14. Ne2 Nxe5 15. dxe5
Nd7 16. f4 Nb8 17. Qd2 Na6 18. Rfd1 Nc7 19. Nc3 Re7 20. Nxd5 Nxd5 21. Bxd5 Bxd5 22.
Qxd5 Re8 23. Qf3 Qc7 24. Qg4 Qc6 25. f5 Qh6 26. Rd3 b5 27. f6 Rc6 28. Qf3 Ree6 29.
Rcd1 c4 30. Rd8 g6 31. Ba3  1-0

[Event "British Chess Championships 2023: AM Tournament Open"]
[Site "De Montfort University, 20 Western Boulevard, Leicester, LE2 7BU"]
[Date "2023.07.25"]
[Round "2"]
[Board "1"]
[White "Verma, Shlok"]
[Black "Collinson, Mark I"]
[Result "1-0"]
[WhiteElo "2177"]
[BlackElo "2034"]
[PlyCount "0"]
[EventDate "2023.07.24"]
[EventRounds "6"]
[EventCountry "ENG"]

1. d4 d5 2. c4 e6 3. Nf3 c5 4. cxd5 exd5 5. Nc3 Nc6 6. g3 Nf6 7. Bg2 Be7 8. O-O O-O
9. dxc5 Bxc5 10. Bg5 Be6 11. Qd2 d4 12. Bxf6 Qxf6 13. Ne4 Qe7 14. Nxc5 Qxc5 15. Rac1
Qb6 16. b3 h6 17. Rfd1 Rad8 18. Qf4 Rfe8 19. Rc2 Bd5 20. Ne1 Bxg2 21. Kxg2 Re7 22.
Rcd2 Rde8 23. Kf1 Re4 24. Qf3 Nb4 25. Ng2 Nd5 26. Qd3 Qf6 27. f3 Ne3+ 28. Nxe3 Rxe3
29. Qxd4 Qxd4 30. Rxd4 Rxe2 31. Rd8 Kf8 32. Rxe8+ Rxe8 33. Rd7 Re7 34. Rd4 Ke8 35.
Kf2 Rc7 36. Ke3 Rc2 37. Ra4 a6 38. h4 g6 39. Rb4 b5 40. a4 bxa4 41. Rxa4 Rc3+ 42.
Kf4 Rxb3 43. Rxa6 Ke7 44. g4 Rb4+ 45. Kg3 Rc4 46. h5 gxh5 47. gxh5 Kf8 48. Rxh6 Kg7
49. Ra6 Rc1  1-0

[Event "British Chess Championships 2023: AM Tournament Open"]
[Site "De Montfort University, 20 Western Boulevard, Leicester, LE2 7BU"]
[Date "2023.07.25"]
[Round "2"]
[Board "2"]
[White "Dicen, Elis Denele"]
[Black "Surtees, Mike J"]
[Result "1-0"]
[WhiteElo "2030"]
[BlackElo "2165"]
[PlyCount "0"]
[EventDate "2023.07.24"]
[EventRounds "6"]
[EventCountry "ENG"]

1. d4 c6 2. Nf3 f5 3. c4 Nf6 4. Nc3 d6 5. Bf4 h6 6. h4 g6 7. e3 Bg7 8. Be2 Nbd7 9.
Qc2 O-O 10. O-O-O c5 11. d5 Ng4 12. Bg3 a6 13. Nd2 Ndf6 14. Nb3 Bd7 15. Kb1 b5 16.
cxb5 axb5 17. Bxb5 Bxb5 18. Nxb5 Ne4 19. Rhe1 Qb6 20. Qc4 Nxg3 21. fxg3 Ne5 22. Qe2
Rfb8 23. Nc3 c4 24. Nd4 Nd3 25. Rxd3 cxd3 26. Qd2 Bxd4 27. exd4 Qxd4 28. Re6 Kf7
29. b3 Rh8 30. Re3 Rac8 31. Rxd3 Qf6 32. Rf3 Kg7 33. g4 Qxh4 34. gxf5 Rhf8 35. Rh3
Qg5 36. Qxg5 hxg5 37. fxg6 Rf1+ 38. Kb2 Rf2+ 39. Ka3 Rxg2 40. b4 g4 41. Re3 Kxg6
42. Ne2  1-0

[Event "British Chess Championships 2023: AM Tournament Open"]
[Site "De Montfort University, 20 Western Boulevard, Leicester, LE2 7BU"]
[Date "2023.07.25"]
[Round "2"]
[Board "3"]
[White "Phan, Stefanus"]
[Black "Subramanian, Anusha"]
[Result "1/2-1/2"]
[WhiteElo "2158"]
[BlackElo "2029"]
[PlyCount "0"]
[EventDate "2023.07.24"]
[EventRounds "6"]
[EventCountry "ENG"]

1. c4 e5 2. g3 Nc6 3. Nc3 f5 4. Bg2 Nf6 5. d3 Bb4 6. Bd2 d6 7. Nf3 O-O 8. O-O Bxc3
9. Bxc3 Qe8 10. b4 Qh5 11. b5 Ne7 12. Rc1 f4 13. c5 fxg3 14. fxg3 Ned5 15. Bd2 Ng4
16. Nh4 Rxf1+ 17. Qxf1 Be6 18. Bf3 g5 19. h3 gxh4 20. hxg4 Qg6 21. cxd6 cxd6 22.
Qg2 h3 23. Qxh3 Nf6 24. Qh4 Bxg4 25. Bg5 Bxf3 26. Bxf6 Rf8 27. Be7 Rf4 28. Rc8+ Kg7
29. Qg5 Qxg5 30. Bxg5 Bg4 31. Rc7+ Rf7 32. Rc2 h6 33. Be3 a6 34. bxa6 bxa6 35. Kg2
h5 36. a4 Kf6 37. Kf2 Ke6+ 38. Ke1 Rb7 39. Kd2 a5 40. Rc6 Rb2+ 41. Kc3 Rxe2 42. Bb6
Kd5 43. Rc7 Ra2 44. Ra7 Rxa4 45. Rxa5+ Rxa5 46. Bxa5 e4 47. Bb6 Ke5 48. Kd2 d5 49.
Bc7+ Kf5 50. Ke3 Bf3 51. d4 Kg4 52. Be5 Kh3 53. Bf4 h4 54. gxh4 Kxh4 55. Bd6  1/2-1/2

[Event "British Chess Championships 2023: AM Tournament Open"]
[Site "De Montfort University, 20 Western Boulevard, Leicester, LE2 7BU"]
[Date "2023.07.25"]
[Round "2"]
[Board "4"]
[White "Ramage, Colin R"]
[Black "Gilmore, Simon N"]
[Result "1-0"]
[WhiteElo "1920"]
[BlackElo "2121"]
[PlyCount "0"]
[EventDate "2023.07.24"]
[EventRounds "6"]
[EventCountry "ENG"]

1. e4 c6 2. d4 d5 3. Nc3 dxe4 4. f3 e3 5. Bxe3 Nf6 6. Bd3 e6 7. Nge2 b6 8. Qd2 Ba6
9. a3 Be7 10. O-O O-O 11. Ne4 Bxd3 12. Qxd3 Nbd7 13. Rad1 Nd5 14. Bc1 b5 15. f4 g6
16. Rf3 N7f6 17. Nxf6+ Nxf6 18. Ng3 Qd5 19. f5 e5 20. Re1 Rfd8 21. Rxe5 Qd7 22. fxg6
hxg6 23. Bg5 Nd5 24. Bxe7 Nxe7 25. Ne4 Kg7 26. Nf6 Qd6 27. Qe3 Ng8 28. Ne8+ Rxe8
29. Rxe8 Rxe8 30. Qxe8 Qxd4+ 31. Qe3 Qd1+ 32. Rf1  1-0